Falošný úsvit

Až doposiaľ bola recesia mierna. No je pravdepodobné, že veci sa podstatne zhoršia. Nebezpečné Grécko. Aj mimo eurozóny nie je bezpečno.

Enregistré dans:
Détails bibliographiques
Format: Chapitre de livre
Langue:slovaque
Sujets:
Tags: Ajouter un tag
Pas de tags, Soyez le premier à ajouter un tag!

MARC

LEADER 00000naa a2200000 4500
001 0146964
005 20231113075409.6
041 0 |a slo 
044 |a SK 
245 1 0 |a Falošný úsvit 
520 |a Až doposiaľ bola recesia mierna. No je pravdepodobné, že veci sa podstatne zhoršia. Nebezpečné Grécko. Aj mimo eurozóny nie je bezpečno. 
610 2 0 |a eurozóna 
610 2 0 |a recesia 
610 2 0 |a prognózy krátkodobé 
610 2 0 |a prognózovanie 
610 2 0 |a prognózy hospodárske medzinárodné